World Capitals Containing the Letter G - Statistics

General Stats
  • This quiz has been taken 3,370 times
    3,345 since last reset
  • The average score is 29 of 36
Answer Stats
Continent Capital % Correct
South America Georgetown
93%
North America Guatemala City
93%
South America Bogota
89%
Africa Gaborone
89%
North America Washington, DC
89%
South America Santiago
88%
Oceania Wellington
87%
Asia Bangkok
86%
Asia Ashgabat
85%
Africa Gitega
84%
North America Kingston
84%
North America Kingstown
84%
Europe Podgorica
84%
North America Saint George's
84%
Europe Zagreb
83%
Asia Baghdad
82%
Europe Prague
82%
North America Santo Domingo
82%
Europe Belgrade
81%
Europe Luxembourg
81%
North America Tegucigalpa
81%
North America Managua
80%
Europe Riga
80%
Africa Bangui
79%
North America Bridgetown
79%
Europe Copenhagen
79%
Asia Pyongyang
79%
Africa Algiers
78%
Asia Bandar Seri Begawan
77%
Africa Mogadishu
77%
Asia Beijing
76%
Africa Kigali
74%
Asia Singapore
74%
Oceania Ngerulmud
73%
Africa Ouagadougou
72%
Africa Lilongwe
67%
No matching quizzes found
Score Distribution
Percent of People with Each Score
Percentile by Number Answered
Your Score History
You have not taken this quiz since the last reset